000 00303nam a2200133Ia 4500
008 230917s9999||||xx |||||||||||||| ||und||
040 _e138284
_aMAIN
041 _aEnglish
082 _a823.7 D555 F:D
100 _aFlint, Kate
245 0 _aDicknes
260 _aSursex
_bHarvester Press
942 _cBK
999 _c85513
_d85513